Resorts of Suriname with a Map - Statistics

General Stats
  • This quiz has been taken 253 times
  • The average score is 49 of 63
Answers on the Map
Answers color-coded by a green-red scale on the quiz's map according to % correct below.
 
Answer Stats
District Resort % Correct
Brokopondo Centrum
86%
Paramaribo Centrum
86%
Marowijne Albina
85%
Saramacca Groningen
85%
Nickerie Nieuw Nickerie
85%
Coronie Totness
84%
Nickerie Wageningen
83%
Marowijne Moengo
82%
Brokopondo Brownsweg
81%
Brokopondo Kwakoegron
81%
Commewijne Nieuw Amsterdam
81%
Paramaribo Weg Naar Zee
81%
Saramacca Calcutta
80%
Brokopondo Klaaskreek
80%
Para Para Noord
80%
Coronie Welgelegen
80%
Paramaribo Welgelegen
80%
Paramaribo Blauwgrond
79%
Wanica Domburg
79%
Marowijne Galibi
79%
Wanica Lelydorp
79%
Para Para Zuid
79%
Brokopondo Sarakreek
79%
Paramaribo Flora
78%
Coronie Johanna Maria
78%
Nickerie Oostelijke Polders
78%
Para Para Oost
78%
Nickerie Westelijke Polders
78%
Commewijne Alkmaar
77%
Para Bigi Poika
77%
Sipaliwini Boven Coppename
77%
Sipaliwini Boven Suriname
77%
Para Carolina
77%
Nickerie Groot Henar
77%
Sipaliwini Kabalebo
77%
Saramacca Kampong Baroe
77%
Wanica Kwatta
77%
Commewijne Margaretha
77%
Commewijne Meerzorg
77%
Paramaribo Munder
77%
Paramaribo Rainville
77%
Sipaliwini Tapanahony
77%
Saramacca Wayambo
77%
Sipaliwini Boven Saramacca
76%
Wanica De Nieuwe Grond
76%
Wanica Houttuin
76%
Paramaribo Latour
76%
Paramaribo Livorno
76%
Paramaribo Pontbuiten
76%
Wanica Saramacca Polder
76%
Commewijne Bakkie
75%
Paramaribo Beekhuizen
75%
Marowijne Patamacca
75%
Commewijne Tamanredjo
75%
Paramaribo Tammenga
75%
Saramacca Tijgerkreek
75%
Saramacca Jarikaba
74%
Marowijne Wanhatti
74%
Sipaliwini Pamacca
70%
Brokopondo Marechallkreek
69%
Sipaliwini Coeroenie
68%
Marowijne Moengo Tapu
68%
Wanica Kwarasan
66%
No matching quizzes found
Score Distribution
Percent of People with Each Score
Percentile by Number Answered
Your Score History
You have not taken this quiz